MDQL
is popping MORE tags! Check the
thread
!
Quizzes
Events
Quiz Creation
Community
Videos
Private Events
Remove Ads
Sign In
Join for FREE
Feedback
Dark Mode
Quiz Categories
Sports
Geography
Music
Movies
Television
Just For Fun
Miscellaneous
History
Literature
Language
Science
Gaming
Entertainment
Religion
Holiday
For Kids
Quiz Lab
Recent
Popular Today
Quiz Kudos Today
Editor Picks
Curator Picks
Quizzes by...
Day
Popularity
Type
Ratings
Length
Year
Community
Subscriptions
Recent Discussions
Orange Saloon
Badges
Playlists
Quests
Create
Leaderboards
Showdown
Live 5
Trivia Bingo
Activity
Puzzle Library
Sporcle Events
Private Events
Virtual Trivia
Globe League
Become a Host
Pub Owners
SporcleCon
Opinionation
Our Games
Videos
Blog
Mobile Apps
Partnerships
Remove Ads and Go Orange
Feedback
Literature
Harry Potter
A Song of Ice and Fire
The Hunger Games
Literary Character
Shakespeare
Book
Author
Novel
Poem
Young Adult
Children's Books
Play
Lord of the Rings
Literature
Harry Potter
A Song of Ice and Fire
The Hunger Games
Literary Character
Shakespeare
Book
Author
Novel
Poem
Young Adult
Children's Books
Play
Lord of the Rings
Random Quiz
Search Sporcle
×
Quiz Lab
Quiz Lab
Literature
Musical
Type in answers that appear in a list
Type in answers that appear in a list
Classic
Best Score? Go Orange.
Les Misérables Characters Stats
Can you name the Les Misérables characters by their descriptions?
By
Inspector_Javert
3m
20 Questions
203 Plays
203 Plays
203 Plays
Comments
Comments
Give Quiz Kudos
Give Quiz Kudos
-
- Ratings
hide this ad
Forced Order
Answers have to be entered in order
Answers have to be entered in order
Wrong Answers
Some wrong answers will appear in red
Some wrong answers will appear in red
Random Order
Randomize order of answers
Randomize order of answers
Replay
Link that replays current quiz
Next Quiz
Link to next quiz in quiz playlist
You Got
0%
They Got
Avg Score
54%
Avg Friend Score
Upgrade to see
Score Distribution
Jump to the score distribution portion of the page
Score
0/20
Timer
03:00
0
Plays Today
Description
Character
% Correct
'His name was _
_
_
_
_
_
, and he was one of the police. At Montreuil-
sur-
mer he carried out the unpleasant but useful function of inspector.'
???
85.7%
'.....there could be seen a little boy of eleven or twelve, who would have quite accurately realized the ideal of the gamin previously sketched...'
???
79.8%
'A girl who was quite young was standing in the half opened door. It was a pale, puny, meager creature, nothing but a blouse and a shirt covered her shivering, chilled nudity.'
???
79.3%
'The woman who he now saw was a noble, beautiful creature....Beautiful chestnut hair shaded with veins of gold, a brow that seemed marble..'
???
73.4%
'_
_
_
_
_
_
was beautiful and remained pure as long as she could. She was a pretty blonde with fine teeth. For dowry, she had gold and pearls; but the gold was on her head...'
???
71.4%
'Among all these passionate hearts, and all these un-
doubting minds, there was one skeptic. _
_
_
_
_
_
was a man who took great care not to believe in anything.'
???
67.5%
'_
_
_
_
_
_
, named first-
later we will see why-
was an only son and was rich. He was a charming young man capable of being terrible.'
???
67%
'_
_
_
_
_
_
_
was now a handsome young man, of medium height, with heavy jet black hair, a high intelligent brow, wide and passionate nostrils, a frank and calm expression...'
???
67%
'_
_
_
_
_
_
was a young hypochondriac. What he had learned from medicine was to be a patient rather than a physician. At twenty-
three, he thought himself in poor health...'
???
61.1%
'Beside Enjolras who represented the logic of the Revolution, _
_
_
_
_
_
represented its philosophy, there is this difference-
that its logic could conclude in war...'
???
58.6%
Description
Character
% Correct
'This _
_
_
_
_
_
_
_
was a red-
headed, large but angular woman, the soldier's wife type in all its horror, with, strangely enough, a languid air gained from novel reading.'
???
57.6%
'_
_
_
_
_
_
was addicted to love; he cultivated a pot of flowers, played the flute, wrote poetry, loved the people, pitied women, wept over childhood...'
???
54.7%
'_
_
_
_
_
_
was a fan maker, an orphan, who arduously earned three francs a day, and who had one thought only, to deliver the world from its bonds.'
???
50.7%
'_
_
_
_
_
_
was a cheery fellow who was unlucky. His specialty was to succeed at nothing. On the other hand, he laughed at everything.'
???
50.2%
'He was thick-
set of medium height, stout and hardy, in his full maturity; he might have been forty-
six or -
seven. A slouched leather cap hid his face, burnt by the sun and wind..'
???
42.9%
'_
_
_
_
_
_
did have that youthful animation that we might call a diabolic beauty of mind.'
???
32%
'_
_
_
_
_
_
was a creature of good humor and bad company, brave, a spendthrift, prodigal almost to the point of generosity, talkative almost to eloquence...'
???
28.6%
'_
_
_
_
_
_
had that indescribable rigidity of gesture that, with a curse, reminds you of the barracks and, with a sign of the cross, the seminary. He was a fine talker.'
???
23.2%
'It seemed very odd, but the sound of the bell followed the man's every movement.'
???
21.7%
'He was a high liver, thirty years old, and in poor shape. He was wrinkled, his teeth falling out, and he was beginning to show signs of baldness...'
???
8.9%
Quiz Playlist
Details
Report
Send in Message
Add To Playlist
Classic:
Type in answers that appear in a list
Forced Order:
Answers have to be entered in order
Wrong Answers:
Some wrong answers will appear in red
Random Order:
Randomize order of answers
Last Updated: Feb 16, 2017
Quiz Scoreboard
CHALLENGE
Sign Up to Join the Scoreboard
Show All
Scores
Hide
Comments
May contain spoilers
Recently Published
Colored Red Africa Blitz
by spor1
Geography
30s
Find the 'City' Movie
by crazypaving
Movies
60s
5x2 Blitz: Bands
by SL_Kpop136
Music
30s
More to Explore
Quiz From the Vault
Featured Blog Post
14 Easter Pick-up Lines to Find Eggs With
hide this ad
You Might Also Like...
Tags
Musical Quiz
France
Les Misérables
Today's Top Quizzes in Literature
Browse Literature
hide this ad
Today's Top Quizzes in Musical
Browse Musical
Top Contributed Quizzes in Literature
1
Sneaky Slytherin Logic Puzzle
2
Get The Picture: Black or White Literature
3
5-to-1: Plays
4
One Thing in Common: Literature
5
A Court of Thorns and Roses (ACoTaR) Logic Puzzle
6
One Thing in Common: Literature II
7
One Thing in Common: Books
8
One Thing in Common: Literature 3
9
'Middle' Earth
10
One Thing in Common: Books II
Explore More
Trending Topics
Marvel
NBA
Disney
Harry Potter
Kpop
Anime
Crossword
Pokémon
Puzzle
Song
Soccer
NFL
Country
WWE
The Office
hide this ad
More By:
Inspector_Javert
Quiz
Plays
Rating
Category
Featured
Created
Les Misérables Characters
203
3.50
Literature
Mar 8, 2013
Go to Creator's Profile
Score Distribution
Quiz Creator Spotlight
Inspector_Javert
Follow
Send a Message
Quizzes Created
-
Created Quiz Play Count
-
More By This Creator
Popular Quizzes Today
1
5x2 Blitz: Bands
2
Find the 'City' Movie
3
Find the US States - No Outlines Minefield
4
Colored Red Africa Blitz
5
The Countries of the World
6
Find the US States
7
9x9 Crossword: Cartoon Network
8
Risky Map Clicking: Biggest States A-Z
More Literature Quizzes
Novels in Order: 30 Second Blitz
Published
Trending Quizzes
Colored Red Africa Blitz II
Colored Red Europe Blitz I
Find the 'Dark' Movie
Find the 'Day' Movie
Find the 'Good' Movie
Recently Updated
Champions League XIs: Real Madrid
pecheneg
Largest US Cities 1790-2010
pecheneg
Rides in Walt Disney World
pecheneg
Most Oscar Losses (Acting)
pecheneg
Beyoncé Albums
pecheneg
Leaping Animals
pecheneg
Reality TV Shows (A-Z)
bhenderson79
Rickey Henderson's Hall of Fame Teammates
pecheneg
Champions League XIs: Arsenal
pecheneg
Quick Pick: Celebrities in WWE's Hall of Fame
aduchscher
Trending Topics
Disney
Marvel
Crossword
Harry Potter
Kpop
Anime
NBA
Song
Puzzle
NFL
Country
Soccer
Pokémon
The Office
WWE
Your Account Isn't Verified!
In order to create a playlist on Sporcle, you need to verify the email address you used during registration. Go to your
Sporcle Settings
to finish the process.
Report this User
Report this user for behavior that violates our
Community Guidelines
.
Details:
Send Report
Go to the Sporcle.com Mobile Site →
Comments